Conan O'Brien Recurring Sketches Quiz Stats

 Plays Quiz Updated Mar 27, 2020

Support Sporcle.
Go Orange.
Score 0/20 Timer 06:00
0 Plays Today
HINT SKETCH % Correct
Conan and Andy predict the futureIn the Year 2000/3000
86.5%
Two celebrities have a child--what would it look like?If They Mated
41.7%
Conan summons Chuck Norris at willWalker Texas Ranger Lever
38%
Famous personalities respond to a questionnaireCelebrity Survey
26%
Pierre Bernard voices his complaintsPierre Bernard's Recliner of Rage
22.5%
Conan reveals new designs being developed for US currencyNew State Quarters
20.2%
Celebrities reveal shocking information about themselvesCelebrity Secrets
19.9%
Conan and a guest take the desk out for a spinDesk Driving
14.6%
Conan helps out those studying to get into collegeSAT Analogies
13.8%
Outstanding members of the audience are recognizedAudiencey Awards
11.8%
HINT SKETCH % Correct
Conan, Andy, and Max educate the public regarding important issuesNBC PSA
11.1%
Unusual newspaper ads are presentedActual Items
11%
Conan and Andy review the latest moviesConan and Andy on the Aisle
10.6%
Conan goes to his favorite bar to unwindJoe's
10.4%
'Conando' stars in a Telemundo novelaNoches de Pasion con Señor O'Brien
9.7%
Conan explores NBCs extensive access to unusual channelsSatellite Channels
8.3%
Conan and Max have an exciting conversation that ends awkwardlySmall Talk Moment
7.9%
Conan tries to guess the identity of an ultra-magnified imageWhat in the World?
6.8%
Conan pampers select members of the audience with improved seatsInstant Audience Member Upgrade
5.4%
Conan talks to celebrities with frozen expressions 'via satellite'Fake Interviews
4.8%

You're not logged in!

Compare scores with friends on all Sporcle quizzes.
OR
Log In

From the Vault

South American Countries by Borders

by Treverbeast454

It may not have many countries, but South America has some weird borders.
Remove Ads.
Support Sporcle.
Get the best of Sporcle when you Go Orange. This ad-free experience offers more features, more stats, and more fun while also helping to support Sporcle. Thank you for becoming a member.

Show Comments

Extras

Top Quizzes Today


Score Distribution

Your Account Isn't Verified!

In order to create a playlist on Sporcle, you need to verify the email address you used during registration. Go to your Sporcle Settings to finish the process.

Report this User

Report this user for behavior that violates our Community Guidelines.

Details: